000 01116cab a2200289 4500
001 ABS59167
008 090401t1998 xxu||||| |||| 00| 0 eng d
035 _a(Sirsi) u88166
041 _aeng
100 _aDrury, P.
245 _aRescue work becomes more pro-active
260 _c1998
350 _a0
490 _aConservation Bulletin
_v(34) July 1998, 1-3(3)
520 _aDiscusses the form and content of the publication "The English Heritage register of buildings at risk 1998", and the purpose of two associated publications, "Buildings at risk: a new strategy" and "Stopping the rot: a step by step guide to serving Urgent Works and Repairs notices". Explains English Heritage`s intentions to heighten awareness, promote debate, and focus attention and money where they are needed.
650 _aBUILDINGS AT RISK
650 _aENGLISH HERITAGE
650 _aGRANT SCHEMES
650 _aMONUMENTS
650 _aPRIORITY CATEGORIES
650 _aREGISTER
650 _aREPAIRS NOTICE
650 _aURGENT WORKS NOTICES
690 _aCONSERVATION
942 _n0
948 _c26/08/1998
999 _c55702
_d55702